Obres completes / (Record no. 171614)

MARC details
000 -LEADER
campo de control de longitud fija 00664nam a22001935i 4500
001 - NÚMERO DE CONTROL
campo de control 171614
003 - IDENTIFICADOR DE NÚMERO DE CONTROL
campo de control ES-MaACL
005 - FECHA Y HORA DE LA ÚLTIMA TRANSACCIÓN
campo de control 20230906214658.0
008 - DATOS DE LONGITUD FIJA--INFORMACIÓN GENERAL
campo de control de longitud fija 090522s1967 sp |||| | cat d
100 1# - ENTRADA PRINCIPAL--NOMBRE DE PERSONA
Nombre de persona Soldevila, Carles.
9 (RLIN) 107110
245 10 - MENCIÓN DEL TÍTULO
Título Obres completes /
Mención de responsabilidad, etc. Carles Soldevila ; proleg de Domènec Guansé Cloenda, Ferran Soldevila ; recopilacio i notes de Tomás Tebé.
250 ## - MENCION DE EDICION
Mención de edición [1ª ed.].
260 ## - PUBLICACIÓN, DISTRIBUCIÓN, ETC.
Lugar de publicación, distribución, etc. Barcelona :
Nombre del editor, distribuidor, etc. Selecta,
Fecha de publicación, distribución, etc. [1967]
300 ## - DESCRIPCIÓN FÍSICA
Extensión XXXII, 1634 p., 18 lám. ;
Dimensiones 21 cm.
700 1# - ENTRADA AGREGADA--NOMBRE PERSONAL
Nombre de persona Tebé, Tomás.
9 (RLIN) 109495
700 1# - ENTRADA AGREGADA--NOMBRE PERSONAL
Nombre de persona Soldevila, Ferran.
9 (RLIN) 107111
700 1# - ENTRADA AGREGADA--NOMBRE PERSONAL
Nombre de persona Guansé, Domènec.
9 (RLIN) 60300
852 ## - LOCALIZACIÓN
Ubicación ES-MaACL
Número de control de estantería C-32438
itemnumber R.62823
Holdings
Estatus retirado Estado de pérdida Estado de daño No para préstamo Biblioteca de origen Biblioteca actual Ubicación en estantería Fecha de adquisición Fuente de adquisición Total de préstamos Signatura topográfica completa Código de barras Visto por última vez Precio de reemplazo Tipo de ítem Koha
        Biblioteca del Ateneo de Madrid Biblioteca del Ateneo de Madrid Depósito 2 22/05/2009     C-32438 1180099 23/02/2023 23/02/2023 Libro impreso